00654nam a2200229Ia 450000100090000000300060000900500170001500800410003201000130007302000150008604000130010108200170011410000210013124500590015225000120021126000340022330000280025750000230028550400630030865000320037165000210040316507773OCoLC20241126110700.0870818r19841972ilua b 001 0 eng d z72077952 a0802407064 aBCTcBCT a266.001bPET1 aPeters, George W12aA biblical theology of missions /cby George W. Peters aPbk. ed aChicago :bMoody Press,c1984 a368 p. :bill. ;c23 cm aOriginal ed., 1972 aIncludes bibliographical references (p. 352-363) and index 0aMissionsxBiblical teaching 0aMissionsxTheory